| 000 | 00711nam a22002297a 4500 | ||
|---|---|---|---|
| 999 |
_c356254 _d356254 |
||
| 001 | 3540 | ||
| 003 | NUST | ||
| 005 | 20180309100142.0 | ||
| 008 | 171212b xxu||||| |||| 00| 0 eng d | ||
| 040 | _cNUST | ||
| 082 |
_a891.4391 _bMAH |
||
| 100 |
_aMahmood, Mahmood Ali _97172 |
||
| 245 |
_aSiyasat gardi / _cMahmood Ali Mahmood |
||
| 260 |
_aIslamabad: _bManzil Publications, _c2011 |
||
| 300 | _a260 pages | ||
| 546 | _ain urdu | ||
| 650 |
_aUrdu- Literature _9347 |
||
| 880 |
_6100-01\(3\r _aمحمود علی محمود |
||
| 880 |
_6245-02\(3\r _aسیاست گردی _cمحمود علی محمود |
||
| 880 |
_6260-03\(3\r _aاسلام آباد: _bمنزل پبلیکیشنز، _c2011 |
||
| 942 |
_2ddc _cBK |
||